01361nab a22001937a 4500003000400000005001700004008004100021040000700062100002900069245017300098260007300271300001400344500004400358505048700402505009000889650001400979650002900993773014501022OSt20250310125548.0190604e xxu||||| |||| 00| 0 spa d cPJ aPirchio, Federico Carlos10aMedidas para el cumplimiento de la obligación alimentaria. La afectación de derechos y libertades individuales en procura de la eficacia /cFederico Carlos Pirchio. aCiudad Autónoma de Buenos Aires :bThomson Reuters La Ley, c2024. ap. 95-107 aCita Online: TR LALEY AR/DOC/2086/2024. aSumario: I. Introducción.— II. Aplicación práctica. Casuística.— III. El bien jurídico protegido: el derecho alimentario.— IV. El incumplimiento reiterado como presupuesto de las medidas.— V. Naturaleza jurídica de las medidas: sanción civil con finalidad de compeler al cumplimiento. La eficacia como fin inmediato.— VI. La razonabilidad como límite de las medidas.— VII. Análisis sistémico de la legitimidad de las medidas.— VIII. Conclusión.  t¿Te interesa el texto completo? Solicitalo al correo: koha@justierradelfuego.gov.ar  0aALIMENTOS 0aCODIGO CIVIL Y COMERCIAL0 02714dCiudad Autónoma de Buenos Aires : Thomson Reuters La Ley, 2014-tRevista anales de legislación argentina. Nº 11 - Noviembre 2024.